V международная конференция "Фундаментальные проблемы высокотемпературной сверхпроводимости", ФПС'15, 5-9 октября 2015 года, Малаховка (Запись № 10598668)

Подробности
000 -МАРКЕР
контрольное поле 02573nam0a2200397 i 4500
001 - ИДЕНТИФИКАТОР ЗАПИСИ
контрольное поле RU\NLR\BIBL_A\010902467
005 - ИДЕНТИФИКАТОР ВЕРСИИ
контрольное поле 20260408122710.0
021 ## - НОМЕР ГОСУДАРСТВЕННОЙ РЕГИСТРАЦИИ
Код страны российская федерация
Номер 2015-84162
Номер Листа государственной регистраци 5145
035 ## - ДРУГИЕ СИСТЕМНЫЕ НОМЕРА
Идентификатор записи (NILC)RuMoRGB-008057064
035 ## - ДРУГИЕ СИСТЕМНЫЕ НОМЕРА
Идентификатор записи (NLR Aleph) 010902467
100 ## - ДАННЫЕ ОБЩЕЙ ОБРАБОТКИ
Данные общей обработки 20151118d2015 km y0rusy50 ca
101 0# - ЯЗЫК РЕСУРСА
Язык текста, звукозаписи и т.д. русский
-- английский
102 ## - СТРАНА ПУБЛИКАЦИИ ИЛИ ПРОИЗВОДСТВА
Страна публикации российская федерация
105 ## - ПОЛЕ КОДИРОВАННЫХ ДАННЫХ: ТЕКСТОВЫЕ МАТЕРИАЛЫ, МОНОГРАФИЧЕСКИЕ
Кодированные данные о монографическом текстовом документе a|||z|||101yy
200 1# - ЗАГЛАВИЕ И СВЕДЕНИЯ ОБ ОТВЕТСТВЕННОСТИ
Основное заглавие V международная конференция "Фундаментальные проблемы высокотемпературной сверхпроводимости", ФПС'15, 5-9 октября 2015 года, Малаховка
Сведения, относящиеся к заглавию сборник расширенных тезисов
210 ## - ПУБЛИКАЦИЯ, РАСПРОСТРАНЕНИЕ И ДР.
Место издания, распространения и т.д. Москва
Имя издателя, распространителя и т. д. ФИАН
Дата издания, распространения и т.д. 2015
215 ## - ФИЗИЧЕСКАЯ ХАРАКТЕРИСТИКА
Специфическое обозначение материала и объем 261 с.
Другие сведения о физической характеристике ил.
Размеры 30
300 ## - ОБЩИЕ ПРИМЕЧАНИЯ
Текст примечания В надзаг.: Российская акад. наук, Физ. ин-т им. П. Н. Лебедева
300 ## - ОБЩИЕ ПРИМЕЧАНИЯ
Текст примечания На обл.: V International сonference "Fundamental problems of high temperature superconductivity" FPS'15, October 5-9, 2015, Malakhovka-Moscow : the workbook of extended abstracts
300 ## - ОБЩИЕ ПРИМЕЧАНИЯ
Текст примечания Текст рус., англ.
320 ## - ПРИМЕЧАНИЯ О НАЛИЧИИ В ДОКУМЕНТЕ БИБЛИОГРАФИИ / УКАЗАТЕЛЯ
Текст примечания Библиогр. в конце докл.
320 ## - ПРИМЕЧАНИЯ О НАЛИЧИИ В ДОКУМЕНТЕ БИБЛИОГРАФИИ / УКАЗАТЕЛЯ
Текст примечания Авт. указ.: с. 258-261
512 1# - ЗАГЛАВИЕ ОБЛОЖКИ
Связь между полями z01791
Заглавие обложки V International Conference "Fundamental problems of high temperature superconductivity" FPS'15, October 5-9, 2015, Malakhovka-Moscow : the workbook of extended abstracts
517 1# - ДРУГИЕ ВАРИАНТЫ ЗАГЛАВИЯ
Вариант заглавия Пятая международная конференция "Фундаментальные проблемы высокотемпературной сверхпроводимости" ФПС'15, 5-9 октября 2015 года, Малаховка
606 1# - НАИМЕНОВАНИЕ ТЕМЫ КАК ПРЕДМЕТ
Наименование темы Сверхпроводимость высокотемпературная
Формальный подзаголовок Съезды, совещания и т.п
Системный номер авторитетной/нормативной записи 2085251
Идентификатор авторитетной/нормативной записи RU\NLR\AUTH\661261365
675 ## - УНИВЕРСАЛЬНАЯ ДЕСЯТИЧНАЯ КЛАССИФИКАЦИЯ (UDC/УДК)
Индекс 538.9
686 1# - ИНДЕКСЫ ДРУГИХ КЛАССИФИКАЦИЙ
Индекс В332.21я431(0)
710 12 - НАИМЕНОВАНИЕ ОРГАНИЗАЦИИ - ПЕРВИЧНАЯ ОТВЕТСТВЕННОСТЬ
Начальный элемент ввода "Фундаментальные проблемы высокотемпературной сверхпроводимости", международная конференция
Порядковый номер временной организации и / или порядковый номер ее части 5
Дата проведения временной организации 2015
Место проведения временной организации пгт. Малаховка, Московская обл.
Идентификатор авторитетной/нормативной записи RU\NLR\AUTH\880414083
Системный номер авторитетной/нормативной записи 493373
791 12 - НАИМЕНОВАНИЕ ОРГАНИЗАЦИИ - АЛЬТЕРНАТИВНАЯ ФОРМА
Материалы, к которым относится поле eng
Начальный элемент ввода "Fundamental problems of high temperature superconductivity", international conference
Порядковый номер временной организации и / или порядковый номер ее части 5
Дата проведения временной организации 2015
Место проведения временной организации Malakhovka/Moscow
Графика поля Латинская
Идентификатор авторитетной/нормативной записи RU\NLR\AUTH\880414085
Системный номер авторитетной/нормативной записи 493377
801 #0 - ИСТОЧНИК ЗАПИСИ
Страна российская федерация
Организация RuMoRKP
Дата составления 20151030
Правила каталогизации RCR
801 #2 - ИСТОЧНИК ЗАПИСИ
Страна российская федерация
Организация РГБ
Дата составления 20151106
Правила каталогизации rcr
942 ## - ДОПОЛНИТЕЛЬНЫЕ ЭЛЕМЕНТЫ ЗАПИСИ (АБИС)
Тип экземпляра АБИС Книга
980 ## - КОЛЛЕКЦИЯ
Название коллекции НБР

Нет доступных экземпляров.